| 000 | 00369pab a2200145 454500 | ||
|---|---|---|---|
| 008 | 180718b1987 xxu||||| |||| 00| 0 eng d | ||
| 100 | _aChandel, S.S. | ||
| 245 | _aNeed for restructuring the precommision training in the army | ||
| 260 | _c1987 | ||
| 300 | _a162-70 | ||
| 362 | _aApr.-Jan. | ||
| 650 | _aTraining - Army | ||
| 773 | _aU.S.I. Journal | ||
| 909 | _a19419 | ||
| 999 |
_c19419 _d19419 |
||